Welcome to the Holygrace Academy Library

Please use search bar below to get started

THAVALABHAGAVATHARUDE KACHERI (Record no. 7098)

MARC details
000 -LEADER
fixed length control field 00455nam a22001577a 4500
020 ## - INTERNATIONAL STANDARD BOOK NUMBER
ISBN 978-93-86905-02-4
082 ## - DEWEY DECIMAL CLASSIFICATION NUMBER
Classification number 894.812.3
Item number ARI/T
100 ## - MAIN ENTRY--AUTHOR NAME
Personal name ARIMBOOR,VARGHESE
245 ## - TITLE STATEMENT
Title THAVALABHAGAVATHARUDE KACHERI
246 ## - VARYING FORM OF TITLE
Title proper/short title THAVALABHAGAVATHARUDE KACHERI
Remainder of title THAVALABHAGAVATHARUDE KACHERI
260 ## - PUBLICATION, DISTRIBUTION, ETC. (IMPRINT)
Place of publication THRISSUR
Name of publisher H&C PUBLISHING HOUSE
Year of publication 2022
300 ## - PHYSICAL DESCRIPTION
Number of Pages 144
520 ## - SUMMARY, ETC.
Summary, etc CHILDRENSE LITERATURE MALAYALAM STORIES
650 ## - SUBJECT ADDED ENTRY--TOPICAL TERM
Topical Term STORY
Geographic subdivision KERALA
942 ## - ADDED ENTRY ELEMENTS (KOHA)
Koha item type Books
Holdings
Withdrawn status Lost status Collection code Home library Current library Shelving location Date acquired Source of acquisition Full call number Accession Number Koha item type Cost, normal purchase price
    Fiction Main Library Main Library NEW SHELF WITH NEW ENTRY 26/10/2023 PURCHASE 894.812.3 ARI/A 13082 Books  
    Fiction Main Library Main Library NEW SHELF WITH NEW ENTRY 26/10/2023 PURCHASE 894.812.3 ARI/T 13083 Books 80.00